000 00338nam a2200133Ia 4500
008 240624s9999 xx 000 0 und d
041 _aeng
082 _a346.096 TAX
100 _aTAXMANN
245 _aGUIDE TO NEGOTIABLE INSTRUMENTS ACT
260 _c2003
_aNew Delhi
_bTaxmann
300 _aI-19, : 236 : p. : cm. ; 24
365 _cRS
_b20
999 _c5663
_d5663